| 000 | 00760cam a22002771 4500 | ||
|---|---|---|---|
| 001 | sa 67006521 | ||
| 003 | DLC | ||
| 005 | 20260227112408.0 | ||
| 008 | 890526s1967 pk ac b 000 0 urdr | ||
| 010 | _asa 67006521 | ||
| 035 | _a(OCoLC)19770635 | ||
| 040 |
_aDLC _cWaU _dDLC |
||
| 042 | _apremarc | ||
| 043 | _aa-ii--- | ||
| 050 | 0 | 0 |
_aDS485.O94 _bA48 1967 |
| 100 | 1 |
_aʻAbdulaḥad Rabiṭ, _d-1851. |
|
| 245 | 1 | 0 | _aVaqāʼiʻ-yī dilpaz̲īr. |
| 260 | _c[1967] | ||
| 300 |
_a4, 264 p. _billus., port. _c18 cm. |
||
| 500 | _aIn Urdu. | ||
| 500 | _aPage 264 is blank. | ||
| 504 | _aBibliographical footnotes. | ||
| 651 | 0 |
_aOudh (Princely State) _xKings and rulers. |
|
| 650 | 0 | _aShiites. | |
| 700 | 1 |
_aʻAbbāsī, Maḥmūd Aḥmad, _d1885-1974. |
|
| 999 |
_c76011 _d76011 |
||